00436nam a2200121 a 450000100100000000500170001000800410002704000250006811000390009324500940013226000680022630000200029400003157420200930063027.0110627s20uu dr 000 0 spa d aDO-SdBNPbspacBNPHU1 acomisión nacional del desarrollo10aInforme final de la comisión nacional del desarrollo de su labor durante el año 1968. a[Santo Domingo] :bcomisión nacional del desarrollo,c[200?]. a16 p. ;c22 cm.